000 00707nam a2200205Ia 4500
008 0000001991 sp ad 0000000000spa00
090 _aPSP00 F71f
100 1 _aFradogo
_d1948
245 1 0 _aFradogo
_c/ Montserrat Lago
300 _a[16] h. sueltas
_c/ 30 cm.
500 _aTexto en inglés, francés, catalán, español \ Con el patronazgo del maestro venezolano Jesús Rafael Soto (q.e.p.d.) \
600 0 0 _aFRADOGO, 1948/
_xTRABAJOS PICTORICOS
650 1 4 _aARTE CONTEMPORANEO ESPAÑOL
650 1 4 _xCATALOGOS
650 1 4 _xEXPOSICIONES
650 1 4 _aPINTORES ESPAÑOLES
650 1 4 _aPINTURA ESPAÑOLA
700 1 _aLago, Montserrat
999 _c5394
_d5394
260 _aBarcelona : Lemia Art
_c1991